| 000 | 00741nam a2200193 a 4500 | ||
|---|---|---|---|
| 008 | 060620s2005 ||||||||||||||||| || u | ||
| 050 | _aIBRD(08) | ||
| 100 | _aNoumba Uma, Paul | ||
| 245 | 1 | 0 | _aPrivate participation in infrastructure projects in the Republic of Korea |
| 260 |
_aWashington D. C. _bWorld Bank _c2005 |
||
| 300 | _a33p.: ill. | ||
| 350 | _a0.00 | ||
| 490 | _aWorld Bank policy research working papers | ||
| 650 | 0 | _aECONOMICS | |
| 650 | _aECONOMIC CONDITIONS--KOREA--RESEARCH PAPER | ||
| 700 | _aDinghem, Severine | ||
| 710 | _aWorld Bank | ||
| 995 |
_D0.00 _FCBU-MAIN LIBRARY (Kitwe) _H1 _I0.00 _M1 _UAVAILABLE _WJun 20, 2006 _ZInternational Publications |
||
| 999 |
_c54677 _d54677 |
||